Kniha štýlu z Paríža čo si dnes oblečiem?

Bibliographic Details
Main Authors: La Fressange, Ines de, 1957- (Author), Gachet, Sophie (Author)
Other Authors: Peverelli, Benoit (Photographer), Faltinová, Lucia (Translator)
Format: Book
Language:Slovak
French
PhysicalDescription:135 s. fareb. fotogr. 24 cm
Published: V Bratislave Noxi 2017
ISBN:9788081114472
Edition:1. vyd.
Subjects:

MARC

LEADER 00000cam a2200000 a 4500
001 vtls011621223
003 SK-MaSNL
005 20260302085912.0
008 240318s2017 xo o g f 001 0 slo
015 |a SNBA2017/06 
020 |a 9788081114472  |q (brož.) 
035 |a urn:nbn:sk:snk-am00d5ux 
035 |a urn:nbn:sk:snk-am3hqpm 
035 |a E2960A65-63A9-48C5-8B1C-2F302816E94F 
040 |a SNK  |b slo  |c SNK  |e AACR2 
041 1 |a slo  |h fre 
043 |a e-fr--- 
044 |a xo  |c SK 
072 7 |a 646  |x Odievanie. Starostlivosť o telo  |2 konspekt 
080 |a 316.346.2-055.2  |2 2011 
080 |a 316.728  |2 2011 
080 |a 687.5  |2 2011 
080 |a 646.4/.5  |2 2011 
080 |a 64.033  |2 2011 
080 |a (44)  |2 2011 
080 |a (035)  |2 2011 
080 |a 391-055.2  |2 2011 
100 1 |a La Fressange, Ines de,  |d 1957-  |4 aut  |9 172391 
240 1 0 |a Comment je m' habille aujourd' hui?  |l Slovensky 
245 1 0 |a Kniha štýlu z Paríža  |b čo si dnes oblečiem?  |c Ines de La Fressange, Sophie Gachet ; fotografie Benoît Peverelli ; [z francúzskeho originálu preložila Lucia Faltinová] 
250 |a 1. vyd. 
260 |a V Bratislave  |b Noxi  |c 2017 
300 |a 135 s.  |b fareb. fotogr.  |c 24 cm 
504 |a Register 
650 0 7 |a ženy  |2 SNKPH  |9 4865 
650 0 7 |a životný štýl  |2 SNKPH  |9 1704 
650 0 7 |a starostlivosť o vzhľad  |2 SNKPH  |9 79560 
650 0 7 |a odievanie  |2 SNKPH  |9 30427 
650 0 7 |a nakupovanie  |2 SNKPH  |9 79130 
650 0 7 |a Women  |2 SNKPHeng  |9 266264 
650 0 7 |a Style of life  |2 SNKPHeng  |9 265362 
650 0 7 |a Look care  |2 SNKPHeng  |9 332729 
650 0 7 |a Clothing  |2 SNKPHeng  |9 267468 
650 0 7 |a Shopping  |2 SNKPHeng  |9 330475 
650 0 7 |a dámska móda  |2 SNKPH  |9 134361 
650 0 7 |a Women's fashion  |2 SNKPHeng  |9 442027 
651 7 |a Paríž (Francúzsko)  |2 SNKPH  |9 23519 
651 7 |a Paris (France)  |2 SNKPHeng  |9 313341 
655 7 |a príručky  |2 SNKPH  |9 74364 
655 7 |a Handbooks, manuals, etc.  |2 SNKPHeng  |9 90964 
700 1 |a Gachet, Sophie  |4 aut  |9 170031 
700 1 |a Peverelli, Benoit  |4 pht  |9 437274 
700 1 |a Faltinová, Lucia  |4 trl  |9 12682 
752 |a Slovensko  |d Bratislava 
852 |a Štátna vedecká knižnica v Banskej Bystrici 
919 |a 978-80-8111-447-2 
958 |a OP 
968 |b FR 
999 |c 1194331  |d 1196261 
952 |a SNK  |b SNK  |y PREZ  |7 0  |p 17A1259629  |o snkSC 174908  |i snk2017/12911  |8 0  |0 0  |1 0  |4 0  |d 2017-06-02  |f 1  |l 0  |r 2025-09-16 00:00:00  |w 2026-02-24 
952 |a SNK  |b SNK  |y VYP  |7 0  |p 17A1259630  |o snkSC 174908 D1  |i snk2017/12912  |8 0  |0 0  |1 0  |4 0  |d 2017-06-02  |l 0  |r 2026-02-24 22:22:11  |w 2026-02-24